Your child & the New Age (Record no. 28292)
[ view plain ]
| 000 -LEADER | |
|---|---|
| fixed length control field | 00540nam a2200193Ia 4500 |
| 008 - FIXED-LENGTH DATA ELEMENTS--GENERAL INFORMATION | |
| fixed length control field | 201124s9999||||xx |||||||||||||| ||und|| |
| 020 ## - INTERNATIONAL STANDARD BOOK NUMBER | |
| International Standard Book Number | 089693795X |
| 020 ## - INTERNATIONAL STANDARD BOOK NUMBER | |
| International Standard Book Number | 9780896937956 |
| 041 ## - LANGUAGE CODE | |
| Language code of text/sound track or separate title | eng |
| 050 ## - LIBRARY OF CONGRESS CALL NUMBER | |
| Classification number | BP605.N48 |
| Item number | .K57 1990 |
| 100 ## - MAIN ENTRY--PERSONAL NAME | |
| Personal name | Kjos, Berit |
| 245 #0 - TITLE STATEMENT | |
| Title | Your child & the New Age |
| Remainder of title | / |
| Statement of responsibility, etc. | Berit Kjos |
| 260 ## - PUBLICATION, DISTRIBUTION, ETC. | |
| Place of publication, distribution, etc. | Wheaton, Ill. : |
| Name of publisher, distributor, etc. | Victor Books, |
| Date of publication, distribution, etc. | 1990 |
| 300 ## - PHYSICAL DESCRIPTION | |
| Extent | 180 p. |
| Other physical details | ; |
| Dimensions | 25 cm. |
| 650 ## - SUBJECT ADDED ENTRY--TOPICAL TERM | |
| Topical term or geographic name entry element | Moral conditions. |
| 650 ## - SUBJECT ADDED ENTRY--TOPICAL TERM | |
| Topical term or geographic name entry element | New Age movement. |
| 650 ## - SUBJECT ADDED ENTRY--TOPICAL TERM | |
| Topical term or geographic name entry element | Parenting Religious aspects Christianity. |
| Withdrawn status | Lost status | Source of classification or shelving scheme | Damaged status | Not for loan | Home library | Current library | Shelving location | Date acquired | Total Checkouts | Full call number | Barcode | Date last seen | Price effective from | Koha item type | Copy number |
|---|---|---|---|---|---|---|---|---|---|---|---|---|---|---|---|
| Library of Congress Classification | GETS Theological Seminary Library | GETS Theological Seminary Library | General Stacks | 09/17/2020 | BP605.N48 .K57 1990 | 00015638 | 09/17/2020 | 09/17/2020 | English Books | ||||||
| Library of Congress Classification | GETS Theological Seminary Library | GETS Theological Seminary Library | Duplicate Section | 11/24/2020 | BP605.N48 .K57 1990 | 00018713 | 11/24/2020 | 11/24/2020 | English Books | c. 2 |